[Event "AUTO-OPEN-3742"]
[Site "http://www.queenalice.com/game.php?id=1481743"]
[Date "2017.6.10"]
[Round "3"]
[White "Cacmathias"]
[Black "Licaon86"]
[Result "1-0"]
[WhiteElo "2410"]
[BlackElo "2328"]

1. c4 e6 2. Nc3 d5 3. d4 Be7 4. cxd5 exd5 5. Bf4 Nf6 6. e3 c6 7. Bd3 O-O 8. Nge2
Bg4 9. Qb3 Qb6 10. Qc2 Nbd7 11. O-O Bh5 12. Rfb1 Bg6 13. Bxg6 hxg6 14. b4 a6 15.
a4 Nh5 16. b5 axb5 17. axb5 Nxf4 18. Nxf4 Rxa1 19. Rxa1 Bd6 20. Nd3 Nf6 21. bxc6
bxc6 22. Na4 Qc7 23. g3 Nd7 24. Nac5 Nxc5 25. Nxc5 Qe7 26. Ra6 Rc8 27. h4 Qc7
28. Kg2 Qe7 29. Rb6 Bxc5 30. Qxc5 Qxc5 31. dxc5 f6 32. Rb7 Re8 33. Rc7 Re6 34.
Kf3 Kh7 35. Rd7 Kg8 36. g4 g5 37. h5 Kf8 38. Rc7 Kg8 39. Ke2 d4 40. Kd3 dxe3 41.
fxe3 Kf8 42. Kd4 Kg8 43. e4 Kf8 44. Ke3 Kg8 45. Kd3 Kf8 46. Kd4 Kg8 47. Rc8+ Kf7
48. e5 Ke7 49. exf6+ Rxf6 50. Rc7+ Kf8 51. Ke5 Kg8 52. Rd7 Rf4 53. Rd4 Rf2 54.
Rd6 Rf4 55. Rxc6 Rxg4 56. Rg6 Kf7 57. c6 Rc4 58. Kd6 g4 59. c7 1-0

[Event "AUTO-OPEN-3742"]
[Site "http://www.queenalice.com/game.php?id=1481744"]
[Date "2017.6.10"]
[Round "3"]
[White "Sacapiece"]
[Black "Cacmathias"]
[Result "0-1"]
[WhiteElo "2289"]
[BlackElo "2331"]

1. e4 c5 2. Nf3 d6 3. d4 Nd7 4. Nc3 cxd4 5. Nxd4 Ngf6 6. Bc4 Nc5 7. Qe2 a6 8.
Bg5 e6 9. O-O-O b5 10. e5 bxc4 11. exf6 h6 12. Nc6 Qc7 13. Ne4 Nxe4 14. Qxe4
hxg5 15. Na5 Rb8 16. Nxc4 Rh4 17. g4 Bb7 0-1

[Event "AUTO-OPEN-3742"]
[Site "http://www.queenalice.com/game.php?id=1481745"]
[Date "2017.6.10"]
[Round "3"]
[White "Cacmathias"]
[Black "Sacapiece"]
[Result "1-0"]
[WhiteElo "2342"]
[BlackElo "2281"]

1. c4 Nf6 2. Nc3 e5 3. g3 d5 4. cxd5 Nxd5 5. Bg2 Nb6 6. Nf3 Nc6 7. d3 Be7 8. a3
O-O 9. O-O Be6 10. b4 f6 11. Bd2 Nd4 12. Nxd4 exd4 13. Ne4 Bd5 14. Rc1 c6 15.
Qc2 Nd7 16. Bf4 Ne5 17. Qb2 Bxe4 18. Bxe4 Qd7 19. e3 dxe3 20. fxe3 Rad8 21. Bxe5
fxe5 22. Qxe5 Rxf1+ 23. Rxf1 Rf8 24. Bf5 Qd8 25. Rf4 Bf6 26. Qe4 h6 27. Be6+ Kh8
28. Qg6 Qe8 29. Rxf6 1-0

[Event "Challenge"]
[Site "http://www.queenalice.com/game.php?id=1484724"]
[Date "2017.7.3"]
[Round "-"]
[White "Jerzy"]
[Black "Cacmathias"]
[Result "0-1"]
[WhiteElo "2326"]
[BlackElo "2334"]

1. d4 Nf6 2. Nf3 c5 3. e3 e6 4. c4 b6 5. Nc3 cxd4 6. exd4 Bb7 7. Bd3 Bb4 8. Bd2
O-O 9. O-O d5 10. a3 dxc4 11. Bxc4 Be7 12. Bf4 Nc6 13. h3 Rc8 14. Ba2 Na5 15.
Be3 Bxa3 16. Nb5 Bxb2 17. Rb1 a6 18. Rxb2 axb5 19. Re1 Nd5 20. Bxd5 Qxd5 21. Qb1
Bc6 22. Rd1 Nc4 23. Rb3 Ra8 24. Ne1 Rfd8 25. f3 b4 26. Bf2 Na3 27. Qd3 Bb5 28.
Qe3 Ba4 29. Rdd3 Bxb3 30. Rxb3 Qc4 31. Qd3 Rdc8 32. Qd1 Nb5 33. Rb2 Ra2 34. Qd2
Rxb2 35. Qxb2 b3 0-1

[Event "Challenge"]
[Site "http://www.queenalice.com/game.php?id=1484725"]
[Date "2017.7.3"]
[Round "-"]
[White "Cacmathias"]
[Black "Jerzy"]
[Result "0-1"]
[WhiteElo "2347"]
[BlackElo "2313"]

1. c4 Nf6 2. g3 e6 3. Bg2 d5 4. Nf3 c6 5. b3 Nbd7 6. Bb2 Bd6 7. O-O O-O 8. d4
Qe7 9. Nbd2 Re8 10. Ne5 Bc7 11. Ndf3 Nxe5 12. Nxe5 Nd7 13. Rc1 Nxe5 14. dxe5 Bb6
15. e4 dxc4 16. Rxc4 Bd7 17. Qd6 Qxd6 18. exd6 e5 19. Rd1 Be6 20. Rc2 Rad8 21.
Bf3 f6 22. Kg2 Rd7 23. Be2 Red8 24. Ba3 a5 25. f4 Bd4 26. h4 Rc8 27. Bc5 Rcd8
28. fxe5 fxe5 29. b4 axb4 30. Bxb4 Ra8 31. a3 Bb3 32. Bc4+ Bxc4 33. Rxc4 Kf7 34.
Kh3 Ke6 0-1

[Event "AUTO-MASTER-2541"]
[Site "http://www.queenalice.com/game.php?id=1488962"]
[Date "2017.8.5"]
[Round "2"]
[White "Mercurium"]
[Black "Cacmathias"]
[Result "0-1"]
[WhiteElo "2250"]
[BlackElo "2422"]

1. d4 Nf6 2. Nf3 g6 3. c4 Bg7 4. Nc3 c5 5. d5 d6 6. e4 O-O 7. h3 Na6 8. Bd3 Bd7
9. O-O Rb8 10. a3 Nc7 11. Rb1 Nh5 12. Qc2 Qc8 13. Kh2 Ne8 14. Ng1 Kh8 15. f4 g5
16. Qe2 Nxf4 17. Bxf4 gxf4 18. Qh5 Be5 19. Rf3 f5 20. Nge2 Nf6 21. Qh4 fxe4 22.
Nxe4 Bf5 23. N2c3 b5 24. cxb5 c4 25. Nxf6 Bxd3 26. Nxh7 Bxh7 27. Re1 Rf7 28. Ne4
Rxb5 29. Ng5 Rg7 30. Ne6 Rg6 31. Qxe7 Rxb2 32. Rg1 Qg8 0-1

[Event "AUTO-MASTER-2541"]
[Site "http://www.queenalice.com/game.php?id=1488963"]
[Date "2017.8.5"]
[Round "2"]
[White "Cacmathias"]
[Black "Mercurium"]
[Result "1-0"]
[WhiteElo "2417"]
[BlackElo "2257"]

1. c4 Nf6 2. g3 c6 3. Bg2 d5 4. Nf3 Bf5 5. b3 e6 6. O-O h6 7. Bb2 Bd6 8. d3 Nbd7
9. e4 dxe4 10. dxe4 Nxe4 11. Bxg7 Rh7 12. Bb2 Qc7 13. Nd4 O-O-O 14. Bxe4 Bxe4
15. Nc3 Bg6 16. Rc1 Nc5 17. Ra1 Nd3 18. Qe2 Be5 19. Nf3 Bh5 20. Rab1 Bd4 21. Nd5
exd5 22. Qxd3 Bxf2+ 23. Rxf2 Bg6 24. Qf1 Bxb1 25. Qxb1 f6 26. Bxf6 Re8 27. cxd5
Rf7 28. Qg6 b6 29. Ne5 Rff8 30. Bg7 Rg8 31. Rf7 Qxe5 32. Qxc6+ 1-0

[Event "AUTO-MASTER-2541"]
[Site "http://www.queenalice.com/game.php?id=1488964"]
[Date "2017.8.5"]
[Round "2"]
[White "colognestar"]
[Black "Cacmathias"]
[Result "0-1"]
[WhiteElo "2136"]
[BlackElo "2346"]

1. e4 g6 2. d4 c5 3. d5 Bg7 4. Nc3 d6 5. Nf3 Bg4 6. Bb5+ Nd7 7. h3 Bxf3 8. Qxf3
a6 9. Bxd7+ Qxd7 10. a4 b6 11. O-O Nf6 12. Bf4 Qd8 13. Rfe1 Nd7 14. Qg3 O-O 0-1

[Event "AUTO-MASTER-2541"]
[Site "http://www.queenalice.com/game.php?id=1488965"]
[Date "2017.8.5"]
[Round "2"]
[White "Cacmathias"]
[Black "colognestar"]
[Result "1-0"]
[WhiteElo "2352"]
[BlackElo "2130"]

1. c4 Nf6 2. g3 g6 3. Bg2 Bg7 4. Nc3 O-O 5. e4 d6 6. Nge2 e5 7. O-O Nc6 8. h3 a6
9. d3 h6 10. Be3 Nd4 11. Nxd4 exd4 12. Bxd4 Re8 13. Be3 1-0

[Event "AUTO-OPEN-3743"]
[Site "http://www.queenalice.com/game.php?id=1497280"]
[Date "2017.10.2"]
[Round "2"]
[White "Cacmathias"]
[Black "Esvir"]
[Result "1-0"]
[WhiteElo "2405"]
[BlackElo "2012"]

1. b4 e5 2. Bb2 d6 3. c4 Nf6 4. e3 Be7 5. Be2 O-O 6. a3 Be6 7. Nf3 Nc6 8. O-O
Qd7 9. b5 Na5 10. Qa4 b6 11. d4 e4 12. d5 Bg4 13. Nd4 a6 14. Nd2 axb5 15. Qxb5
Bxe2 16. Qxd7 Nxd7 17. Nxe2 f5 18. Nf4 Ne5 19. Ne6 Rf6 20. Nxc7 Rc8 21. Ne6
Naxc4 22. Rfc1 b5 23. Bd4 Rg6 24. Bxe5 dxe5 25. a4 Bb4 26. Nxc4 bxc4 27. a5 c3
28. a6 Bd6 29. a7 Ra8 30. Rxc3 Kf7 31. Ra6 Rxe6 32. dxe6+ Kxe6 33. Rcc6 1-0

[Event "AUTO-OPEN-3743"]
[Site "http://www.queenalice.com/game.php?id=1497281"]
[Date "2017.10.2"]
[Round "2"]
[White "Esvir"]
[Black "Cacmathias"]
[Result "0-1"]
[WhiteElo "2002"]
[BlackElo "2402"]

1. d4 Nf6 2. Nf3 c5 3. c4 cxd4 4. Nxd4 e5 5. Nb5 d5 6. e3 Bb4+ 7. Bd2 Be7 8. Bd3
Be6 9. Bc3 dxc4 10. Bxe5 Qa5+ 11. N1c3 cxd3 12. Nc7+ Kf8 13. Qxd3 Qxe5 14. Nxa8
Nc6 15. O-O Qb8 16. Nb5 Qxa8 17. Nc7 Qc8 18. Nxe6+ Qxe6 19. a3 g6 20. b4 Kg7 21.
Qc3 Bd6 22. Rad1 Rc8 23. Qb2 Be5 24. Qe2 Nd4 25. exd4 Bxh2+ 0-1

[Event "AUTO-OPEN-3743"]
[Site "http://www.queenalice.com/game.php?id=1497282"]
[Date "2017.10.2"]
[Round "2"]
[White "Cacmathias"]
[Black "agilulfo"]
[Result "1-0"]
[WhiteElo "2416"]
[BlackElo "1902"]

1. g4 d5 2. Bg2 c6 3. e3 e5 4. b3 Ne7 5. d4 e4 6. c4 g6 7. h3 Bg7 8. cxd5 cxd5
9. f3 exf3 10. Nxf3 O-O 11. O-O b5 12. Ne5 Bxe5 13. dxe5 a5 14. Nc3 Qb6 15. Qd4
Qd8 16. Nxd5 Nxd5 17. Bxd5 Ra6 18. Rxf7 1-0

[Event "AUTO-OPEN-3743"]
[Site "http://www.queenalice.com/game.php?id=1497283"]
[Date "2017.10.2"]
[Round "2"]
[White "agilulfo"]
[Black "Cacmathias"]
[Result "0-1"]
[WhiteElo "1992"]
[BlackElo "2403"]

1. d4 Nf6 2. c4 c5 3. d5 b5 4. cxb5 a6 5. bxa6 Bxa6 6. Nc3 g6 7. Nf3 d6 8. a3
Bg7 9. b4 cxb4 10. axb4 Bxe2 11. Bxe2 Rxa1 12. O-O O-O 13. Na4 Qc7 0-1

[Event "AUTO-MASTER-2554"]
[Site "http://www.queenalice.com/game.php?id=1500756"]
[Date "2017.10.28"]
[Round "2"]
[White "Diemerlin"]
[Black "Cacmathias"]
[Result "0-1"]
[WhiteElo "2299"]
[BlackElo "2394"]

1. e4 Nc6 2. Nf3 f5 3. exf5 d5 4. Bb5 Bxf5 5. Ne5 Qd6 6. d4 e6 7. g4 Be4 8. f3
Bg6 9. Qe2 a6 10. Bxc6+ bxc6 11. Nc3 Ne7 0-1

[Event "AUTO-OPEN-3744"]
[Site "http://www.queenalice.com/game.php?id=1503151"]
[Date "2017.11.12"]
[Round "2"]
[White "abelhm"]
[Black "Cacmathias"]
[Result "0-1"]
[WhiteElo "2175"]
[BlackElo "2388"]

1. e4 b6 2. d4 Bb7 3. Nc3 e6 4. a3 d5 5. e5 c5 6. Bb5+ Nc6 7. Nf3 Ne7 8. O-O a6
9. Bxc6+ Bxc6 10. Bg5 h6 11. Bh4 g5 12. Bg3 Nf5 13. h3 h5 14. Ne2 Bb5 15. Re1 g4
16. Nh2 gxh3 17. gxh3 Rg8 18. Kh1 Bxe2 19. Qxe2 Rxg3 0-1

[Event "AUTO-OPEN-3744"]
[Site "http://www.queenalice.com/game.php?id=1503152"]
[Date "2017.11.12"]
[Round "2"]
[White "Cacmathias"]
[Black "abelhm"]
[Result "1-0"]
[WhiteElo "2406"]
[BlackElo "2190"]

1. e4 e6 2. d4 d5 3. Nd2 c5 4. Ngf3 cxd4 5. exd5 Qxd5 6. Bc4 Qd8 7. Nb3 Nc6 8.
Bb5 Bb4+ 9. Bd2 Bxd2+ 10. Qxd2 Ne7 11. O-O O-O 12. Nfxd4 Nxd4 13. Qxd4 Qxd4 14.
Nxd4 a6 15. Be2 Bd7 16. Rad1 Rfd8 17. Rfe1 Rac8 18. f4 Nd5 19. g3 Ne3 20. Rd2
Nc4 21. Bxc4 Rxc4 22. Nf3 Kf8 23. Red1 Rc7 24. b3 f6 25. c4 Ke7 26. Nd4 Rcc8 27.
a4 Be8 28. Re1 Bf7 29. Kf2 g6 30. Ke3 Rd7 31. Kd3 Rcd8 32. Kc3 Bg8 33. a5 h6 34.
b4 Kf7 35. Nb3 Rxd2 36. Nxd2 g5 37. Ne4 Rd7 38. Nc5 Re7 39. b5 axb5 40. cxb5 Ke8
41. b6 Kf7 42. a6 1-0

[Event "AUTO-OPEN-3744"]
[Site "http://www.queenalice.com/game.php?id=1503158"]
[Date "2017.11.12"]
[Round "2"]
[White "Cacmathias"]
[Black "yclaudiu35"]
[Result "1-0"]
[WhiteElo "2404"]
[BlackElo "1972"]

1. e4 e5 2. Nf3 Nc6 3. d4 d6 4. d5 Nce7 5. Bc4 h6 6. Nc3 Bg4 7. Be3 f5 8. h3
Bxf3 9. Qxf3 f4 10. Bd2 Nf6 11. h4 a6 12. g3 Qd7 13. gxf4 exf4 14. h5 Qg4 15.
Qxf4 Qxf4 16. Bxf4 b5 17. Bd3 g5 18. hxg6 Nxg6 19. Be3 Ne5 20. f4 Nxd3+ 21. cxd3
h5 22. Bd4 Rh6 23. Ne2 Ng4 24. Ng3 Kd7 25. Nxh5 Be7 26. Ke2 Rg8 27. Rag1 Rhg6
28. f5 Rg5 29. f6 Bd8 30. Ng7 c5 31. dxc6+ Kxc6 32. f7 1-0

[Event "AUTO-OPEN-3743"]
[Site "http://www.queenalice.com/game.php?id=1534948"]
[Date "2018.7.16"]
[Round "3"]
[White "Norfair"]
[Black "Cacmathias"]
[Result "0-1"]
[WhiteElo "2598"]
[BlackElo "2427"]

1. Nf3 b6 2. d4 Bb7 3. c4 e6 4. g3 Nf6 5. Bg2 Be7 6. O-O O-O 7. Re1 c6 8. e4 d5
9. e5 Ne4 10. Nfd2 Nxd2 11. Nxd2 a5 12. b3 c5 13. dxc5 bxc5 14. Nf1 Ra7 15. Qg4
Re8 16. h4 dxc4 17. Bh6 Bf8 18. Rad1 Qc7 19. bxc4 Bxg2 20. Kxg2 Nc6 21. Bf4 Qb7
22. Kg1 Qb2 23. h5 Qxa2 24. Nd2 Rd8 25. h6 g6 26. Bg5 Rda8 27. Ne4 Nd4 0-1

[Event "AUTO-OPEN-3743"]
[Site "http://www.queenalice.com/game.php?id=1534949"]
[Date "2018.7.16"]
[Round "3"]
[White "Cacmathias"]
[Black "Norfair"]
[Result "1-0"]
[WhiteElo "2438"]
[BlackElo "2558"]

1. c4 Nf6 2. g3 e6 3. Bg2 d5 4. d4 Bb4+ 5. Bd2 Be7 6. Nf3 O-O 7. cxd5 exd5 8.
O-O c6 9. Nc3 Re8 10. Qc2 Nbd7 11. b3 Bd6 12. Rfe1 Nf8 13. Nh4 Ng6 14. Nxg6 hxg6
15. f3 Bd7 16. Na4 Rc8 17. Nc5 Bf5 18. Qc3 Re7 19. Nd3 Qe8 20. g4 Bxd3 21. Qxd3
Nd7 22. e3 Nf8 23. f4 Qd7 24. g5 f6 25. gxf6 gxf6 26. Re2 f5 27. Kh1 Rh7 28. Rg1
Kf7 29. Bf3 Ne6 30. Rg3 Rch8 31. Reg2 Rh6 32. b4 Ng7 33. b5 Ne8 34. Kg1 Nf6 35.
Qb3 Ne4 36. Bxe4 fxe4 37. bxc6 bxc6 38. Qa4 1-0

[Event "AUTO-OPEN-3744"]
[Site "http://www.queenalice.com/game.php?id=1554699"]
[Date "2018.12.30"]
[Round "3"]
[White "Norfair"]
[Black "Cacmathias"]
[Result "0-1"]
[WhiteElo "2467"]
[BlackElo "2458"]

1. Nf3 Nf6 2. g3 d5 3. Bg2 c5 4. O-O e6 5. c4 d4 6. e3 Nc6 7. d3 Be7 8. exd4
cxd4 9. Re1 O-O 10. Na3 Bd6 11. Rb1 Re8 12. Nc2 a5 13. a3 e5 14. b4 axb4 15.
axb4 Bf5 16. c5 Bf8 17. b5 Na5 18. Nxe5 Bxc5 19. Bd2 Qc7 20. Bf4 Qc8 21. Bg5 Nd7
22. Nxd7 Qxd7 23. Rxe8+ Rxe8 24. Bd2 Bb6 25. Ne1 Be6 26. Nf3 f6 27. Bb4 Qxb5 28.
Be1 Qa6 29. Ra1 Rd8 0-1

[Event "AUTO-OPEN-3744"]
[Site "http://www.queenalice.com/game.php?id=1554700"]
[Date "2018.12.30"]
[Round "3"]
[White "Cacmathias"]
[Black "Norfair"]
[Result "1-0"]
[WhiteElo "2448"]
[BlackElo "2556"]

1. c4 Nf6 2. d4 e6 3. Nc3 Bb4 4. e3 O-O 5. Nf3 d5 6. a3 Bxc3+ 7. bxc3 c5 8. Qc2
b6 9. cxd5 Qxd5 10. Be2 Bb7 11. O-O Rd8 12. Rd1 Nc6 13. c4 Qh5 14. Bb2 cxd4 15.
exd4 Rac8 16. Rac1 Na5 17. Ne5 Qg5 18. g3 Nd7 19. Nxd7 Rxd7 20. Qa4 Rcd8 21. Rd3
Be4 22. Re3 Bc6 23. Qb4 1-0